Teória hier a rozhodovania

Gespeichert in:
Bibliographische Detailangaben
1. Verfasser: Chobot, Michal
Körperschaft: Vysoká škola ekonomická v Bratislave. Fakulta riadenia
Format: Buch
Sprache:Slowakisch
Veröffentlicht: Bratislava Vysoká škola ekonomická 1986
Tags: Tag hinzufügen
Keine Tags, Fügen Sie das erste Tag hinzu!

MARC

LEADER 00000nam a2200000 4500
001 c105128
005 20260309113700.3
041 0 |a slo 
044 |a SK 
245 1 0 |a Teória hier a rozhodovania  |c Michal Chobot 
264 1 |a Bratislava  |b Vysoká škola ekonomická  |c 1986 
300 |a 218 s. 
100 1 |a Chobot, Michal 
710 2 |a Vysoká škola ekonomická v Bratislave. Fakulta riadenia